000 00618cam a22002173a 4500
001 39640
003 PGUSA
005 20140828083900.0
008 120507s2012||||xxu|||||s|||||000 | eng d
040 _aPGUSA
_beng
042 _adc
100 1 _aIriarte, Tomás de,
_d1750-1791
245 1 0 _aLiterary Fables of Yriarte
_h[electronic resource] /
_cTomás de Iriarte
260 _bProject Gutenberg,
_c2012
506 _aPublic domain in the USA.
516 _aElectronic text
700 1 _aDevereux, Geo. H.
830 0 _aProject Gutenberg
_v39640
856 4 0 _uhttp://www.gutenberg.org/ebooks/39640
942 _cEB
999 _c268893
_d268893